000 00846nam a2200217 a 4500
001 000309037
003 AM-YeHGA
005 20250618071957.0
008 040216s1977 ai 000 | arm d
040 _aAM-YeHGA
041 0 _aarm
100 1 _aԱթայան, Ռաֆայել Արշակի,
_d1907-1990
_91123
245 1 0 _aԳրականություն :
_bԴասագիրք միջնակարգ դպրոցի 5-րդ դասարանի համար /
_cՌ.Ա. Աթայան, Հ.Մ. Մախչանյան, Ն.Ռ. Գինոսյան.
250 _a7-րդ հրատ.
260 _aԵրևան :
_bԼույս,
_c1977.
300 _a188 էջ
_bդիմանկ., նկ. ;
_c22 սմ.
500 _aՏողատ. ծանոթ.
650 1 4 _aՀայ գրականություն
_vԴասագիրք
700 1 _aԳինոսյան, Նատալյա Ռուբենի.
090 _c115430
999 _c114090
_d114090